00626cam a22002291 4500001001300000003000400013005001700017008004100034010001700075035001900092040002200111042001200133050001800145100003000163245006000193260002200253300001900275500001700294651003600311651003200347999001700379sa 68020392 DLC20260227112724.0741213s1967 xx 000 0 ind  asa 68020392  a(OCoLC)1110095 aDLCcOAUdWUdDLC apremarc00aHC447b.S58441 aSoekirman, Djoko Sanjoto.10aMenudju rehabilitasi dan stabilisasi ekonomi Indonesia. a[Djakarta]c1967. a 35 p.c29 cm. aCover title. 0aIndonesiaxEconomic conditions. 0aIndonesiaxEconomic policy. c89396d89396